[Event "IND-ch U15 47th"]
[Site "New Delhi"]
[Date "2022.12.01"]
[Round "5"]
[White "Kabir, Singh Ahuja"]
[Black "Rupesh, Reddy Y"]
[Result "0-1"]
[WhiteElo "1442"]
[BlackElo "1728"]
[PlyCount "98"]
[EventDate "2022.11.28"]
[EventType "swiss"]
[EventRounds "11"]
[EventCountry "IND"]
[SourceTitle "CBM 211 Extra"]
[Source "ChessBase"]
[SourceDate "2023.01.31"]
[SourceVersion "1"]
[SourceVersionDate "2023.01.31"]
[SourceQuality "1"]

1. d4 d5 2. Bf4 Nf6 3. e3 e6 4. Nf3 Bd6 5. Bxd6 cxd6 6. Nbd2 0-0 7. Bd3 b6 8. Qe2 Bb7 9. e4 dxe4 10. Nxe4 Nxe4 11. Bxe4 Bxe4 12. Qxe4 Nd7 13. 0-0 Nf6 14. Qd3 Rc8 15. c3 h6 16. Rfe1 Nd5 17. Nd2 Qg5 18. Ne4 Qxg2+ 19. Kxg2 Nf4+ 20. Kg3 Nxd3 21. Nxd6 Rc6 22. Re3 Nxb2 23. Rb1 Na4 24. Nb5 a6 25. d5 Rc5 26. Na3 Nxc3 27. Rxb6 Nxd5 28. Rxa6 Nxe3 29. fxe3 Rb8 30. Ra4 Rb2 31. Nc4 Rc2 32. Nd6 Rg5+ 33. Kf4 Rxh2 34. Ra8+ Kh7 35. a4 Rd5 36. Nb5 Rh3 37. e4 g5+ 38. Kg4 Rh4+ 39. Kf3 Rd3+ 40. Ke2 Rb3 41. Kd2 Rh2+ 42. Kc1 Rg3 43. Rd8 Rg1+ 44. Rd1 Rxd1+ 45. Kxd1 g4 46. Ke1 Ra2 47. Nc3 Ra3 48. Ne2 Rxa4 49. Kf2 Rxe4 0-1